000 01392nam a22003977a 4500
003 CHAP
005 20220817044157.0
008 070830d2005 mx r 00110 spa d
010 _a93942
011 _a94914
020 _a9707224169
035 _a105514
040 _cCHAP
082 0 4 _a301.444
_bG8
100 1 _aGuzmán Gómez, Elsa.
_951954
245 1 0 _aResistencia, permanencia y cambio :
_bestrategias campesinas de vida en el poniente de Morelos
_c/por Elsa Guzmán Gómez
260 _aMéxico, D.F. :
_bPlaza y Valdés,
_c2005
300 _a314 p. :
_bcuadros ; mapas
590 _aBATCH-UPD
_b10
_c20130110
_lUCH01
_h0327
590 _aBATCH-UPD
_b10
_c20130110
_lUCH01
_h1634
590 _aBATCH-UPD
_b10
_c20130410
_lUCH01
_h0000
590 _aBATCH-UPD
_b10
_c20130914
_lUCH01
_h0830
590 _aBATCH-UPD
_b10
_c20140805
_lUCH01
_h1148
590 _aCONVERSION
_b10
_c20130109
_lUCH01
_h1352
650 1 4 _aAgricultura
_xInvestigación.
_91577
650 1 4 _aCampesinado
_xMorelos.
_918027
650 1 4 _aDesarrollo de la comunidad rural
_xMorelos.
_932016
650 1 4 _aDesarrollo económico.
650 1 4 _aOrganización.
_983533
650 1 4 _aProductos agrícolas
_xMercadeo.
_991951
650 1 4 _aRecursos naturales
_xMorelos.
_995300
901 _aBK
905 _aElisama A. H.
942 _cLIBRO
949 _a301.444 G8
_bBC
_cLIBRO
_d33724002036959
_eLIBRO
_h108752
_i105514
_si
999 _c93942
_d93942